| 000 | 00934nam a2200241 4500 | ||
|---|---|---|---|
| 001 | 78519 | ||
| 003 | BD-RjUL | ||
| 005 | 20211209083135.0 | ||
| 008 | 210929s1971 ii a|||| |||| 00| 0 ben d | ||
| 020 | _c: IRs. 5.00 | ||
| 035 | _a(BD-RjUL) | ||
| 040 |
_aBD-RjUL _bben/eng _cBD-RjUL |
||
| 041 | _aben | ||
| 082 |
_223 _a954.92 _bAHB 1971 |
||
| 100 |
_aআহমেদ, মেসবাহ _9248749 |
||
| 245 |
_aবাঙলা দেশ-স্বদেশ আমার / _cমেসবাহ আহমেদ |
||
| 250 | _a১ম সং. | ||
| 260 |
_aকলিকাতা: _bশ্রীজিতেন্দ্রনাথ মুখোপাধ্যায়, _c১৯৭১ (কার্তিক ১৩৭৮) |
||
| 300 |
_a[১৩], ১৪৮ পৃ. : _bচিত্র ; _c২১ সেমি. |
||
| 651 |
_aবাংলাদেশ _xইতিহাস _9248750 |
||
| 651 |
_aBangladesh _xHistory _9248751 |
||
| 942 |
_2ddc _cRAR |
||
| 999 |
_c78519 _d78519 |
||